Les séries des années 70 préférés des Français - Statistiques

Statistiques générales
  • Ce quiz a été pris 31 fois
  • Le résultat moyen est 6 sur 28
Statistiques - réponses
Année Nom de la série % Correct
1978 Dallas
70%
1972 Columbo
48%
1976 Drôles de dames
48%
1974 La Petite Maison dans la prairie
48%
1976 Chapeau Melon et Bottes de Cuir
44%
1977 La croisière s'amuse
33%
1974 Les Brigades du Tigre
30%
1974 L'Homme qui valait trois milliards
26%
1975 Cosmos 1999
22%
1976 Super Jaimie
22%
1978 Arnold et Willy
19%
1976 Les Têtes brûlées
19%
1977 CHiPs
15%
1973 Kojak
15%
1972 Les rois maudits
15%
1977 L'homme de l'Atlantide
15%
1979 Shérif, fais-moi peur !
15%
1975 Wonder Woman
15%
1972 Kung Fu
11%
1978 L'Incroyable Hulk
11%
1974 La Planète des Singes
7%
1977 L'Île Fantastique
7%
1979 Pour l'amour du risque
7%
1975 Starsky & Hutch
7%
1979 Côte Ouest
4%
1977 L'Âge de cristal
4%
1971 Amicalement vôtre "The Persuaders"
0%
1974 Happy Days - Les jours heureux
0%
Aucun quiz correspondant
Distribution des résultats
% des personnes avec chaque résultat
Percentile par nombre de réponses
Votre historique - résultats
Vous n’avez pas pris ce quiz